Школа моя деревянная: рассказы; для среднего и старшего школьного возраста

Bibliografiske detaljer
Hovedforfatter: Логунов А. А. Алексей Андреевич
Andre forfattere: Кузнецов Л. (иллюстратор), Лавецкий Н.
Sprog:russisk
Udgivet: Москва, Дет. лит., 1986
Fag:
Format: Bog
KOHA link:https://koha.lib.tpu.ru/cgi-bin/koha/opac-detail.pl?biblionumber=155172

MARC

LEADER 00000nam0a2200000 4500
001 155172
005 20231031152224.0
020 |a RU  |b 86-94849 
035 |a (RuTPU)RU\TPU\book\168338 
090 |a 155172 
100 |a 20090312d1986 de y0rusy5003 ca 
101 0 |a rus 
102 |a RU 
105 |a a z 000ay 
200 1 |a Школа моя деревянная  |e рассказы   |e для среднего и старшего школьного возраста  |f А. А. Логунов  |g худож. Л. Кузнецов ; Н. Лавецкий 
210 |a Москва  |c Дет. лит.  |d 1986 
215 |a 144 с.  |c ил.  |d 22 см 
610 1 |a Дети в деревне 
610 1 |a детская литература 
610 1 |a рассказы 
675 |a Р2  |z rus 
700 1 |a Логунов  |b А. А.  |g Алексей Андреевич  |4 070 
702 1 |a Кузнецов  |b Л.  |4 440 
702 1 |a Лавецкий  |b Н.  |4 440 
801 0 |a RU  |b RuMRKP  |c 19950417  |g psbo 
801 1 |a RU  |b 63413507  |c 20090312  |g PSBO 
801 2 |a RU  |b 63413507  |c 20090312  |g PSBO 
942 |c BK